Państwa wewnątrz Fiata Multipla - Statystyki

Ogólne statystyki
  • Ten quiz został rozwiązany 313 razy
  • Średni wynik to 24 z 28
Odpowiedzi na mapie
Odpowiedzi zakodowano w zielono-czerwonej skali na mapie do tego quizu, zgodnie z poniższymi procentami.
 
Statystyki odpowiedzi
Odpowiedź % Poprawnych
Egipt
97%
Arabia Saudyjska
96%
Demokratyczna Republika Konga
94%
Etiopia
94%
Oman
94%
Jemen
93%
Katar
93%
Sudan
93%
Libia
92%
Somalia
92%
Zjednoczone Emiraty Arabskie
92%
Kongo
91%
Sudan Południowy
90%
Erytrea
89%
Czad
88%
Indie
88%
Kenia
88%
Niger
88%
Sri Lanka
87%
Nigeria
86%
Republika Środkowoafrykańska
80%
Dżibuti
79%
Uganda
77%
Malediwy
74%
Gwinea Równikowa
73%
Kamerun
72%
Gabon
67%
Bahrajn
62%
Nie znaleziono quizów pasujących do podanych kryteriów
Rozkład punktacji
Procent ludzi z każdym wynikiem
Percentyl według liczby udzielonych odpowiedzi
Twoja historia wyników
Nie rozwiązałeś tego quizu